Guaraná: cada planta, uma história (Registro n. 339194)
[ somente texto ]
| 000 -LÍDER | |
|---|---|
| fixed length control field | 00955nab a2200301 4500 |
| 003 - CÓDIGO MARC DA AGÊNCIA CATALOGADORA | |
| Campo de controle | BR-BrBNA |
| 005 - DATA E HORA DA ÚLTIMA ATUALIZAÇÃO | |
| Campo de controle | 20251124220340.0 |
| 008 - CAMPO DE TAMANHO FIXO | |
| fixed length control field | 251124b bl.||||| |||| 00| 0 por d |
| 040 ## - FONTE DA CATALOGAÇÃO | |
| Agência catalogadora | BR-BrBNA |
| Idioma da catalogação | por |
| 072 ## - CATEGORIA AGRIS | |
| Código AGRIS | F01 ; Q02 ; F30 ; E70 |
| Código do objeto | 2121 |
| 100 ## - ENTRADA PRINCIPAL - NOME PESSOAL | |
| Nome pessoal | Ondei, Vera |
| 245 ## - TÍTULO PRINCIPAL | |
| Título principal | Guaraná: cada planta, uma história |
| Subtítulo | Agrotecnologia |
| 500 ## - NOTA GERAL | |
| Nota geral | 6 illus. |
| 942 ## - ADDED ENTRY ELEMENTS (KOHA) | |
| Koha item type | Analítica |
| 650 ## - ASSUNTO - THESAGRO | |
| Cabeçalho tópico ou nome geográfico | GUARANÁ |
| 650 ## - ASSUNTO - THESAGRO | |
| Cabeçalho tópico ou nome geográfico | PLANTA TREPADEIRA |
| 650 ## - ASSUNTO - THESAGRO | |
| Cabeçalho tópico ou nome geográfico | ARBUSTO |
| 650 ## - ASSUNTO - THESAGRO | |
| Cabeçalho tópico ou nome geográfico | FRUTA DE CLIMA TROPICAL |
| 650 ## - ASSUNTO - THESAGRO | |
| Cabeçalho tópico ou nome geográfico | PROCESSAMENTO |
| 650 ## - ASSUNTO - THESAGRO | |
| Cabeçalho tópico ou nome geográfico | REFRIGERANTE |
| 650 ## - ASSUNTO - THESAGRO | |
| Cabeçalho tópico ou nome geográfico | MELHORAMENTO VEGETAL |
| 650 ## - ASSUNTO - THESAGRO | |
| Cabeçalho tópico ou nome geográfico | ESTAQUIA |
| 650 ## - ASSUNTO - THESAGRO | |
| Cabeçalho tópico ou nome geográfico | DENSIDADE DE PLANTIO |
| 650 ## - ASSUNTO - THESAGRO | |
| Cabeçalho tópico ou nome geográfico | PRODUTIVIDADE |
| 650 ## - ASSUNTO - THESAGRO | |
| Cabeçalho tópico ou nome geográfico | COMERCIALIZAÇÃO |
| 773 0# - ENTRADA ANALÍTICA | |
| Host Biblionumber | 1706 |
| Registro do item | 348076 |
| Imprenta | São Paulo-SP Editora Três Ltda - E-mail: luizfsa@revistadinheiro.com.br 2004 |
| Outro identificador | 2025-0571 |
| Título | Dinheiro Rural (Brazil) |
| ISSN | 1807-3700 |
| Colação | v. 9(99) p. 38-40; (Jan 2013) |
| Número de controle de registro | BR2025005223 |
Nenhum exemplar disponível.

BINAGRI